[Event "EUR-chT Seniors 65"]
[Site "Prague"]
[Date "2021.09.05"]
[Round "7.3"]
[White "Kretschmer, Wolfgang2222"]
[Black "Kundt, Guenther"]
[Result "1-0"]
[WhiteElo "1731"]
[BlackElo "1751"]
[PlyCount "69"]
[EventDate "2021.08.30"]
[EventType "team-swiss"]
[EventRounds "9"]
[EventCountry "CZE"]
[SourceTitle "CBM 204 Extra"]
[Source "ChessBase"]
[SourceDate "2021.11.30"]
[SourceVersion "1"]
[SourceVersionDate "2021.11.30"]
[SourceQuality "1"]
[WhiteTeam "Dresden Springer 65"]
[BlackTeam "Germany North 65"]
[WhiteTeamCountry "GER"]
[BlackTeamCountry "GER"]

1. d4 d5 2. c4 e6 3. Nc3 Nf6 4. Nf3 Nbd7 5. e3 Be7 6. b3 0-0 7. Bd3 b6 8. 0-0 Bb7 9. Qc2 c5 10. Qe2 Rc8 11. Bb2 Ne4 12. Rac1 Re8 13. Rfd1 Qc7 14. Bb1 Ndf6 15. Ne5 Bd6 16. Nb5 Qb8 17. Nxd6 Nxd6 18. Qe1 Red8 19. f3 Qa8 20. dxc5 bxc5 21. Qh4 Nde8 22. Ng4 Nxg4 23. Qxh7+ Kf8 24. Qh8+ Ke7 25. fxg4 dxc4 26. Qh4+ Kf8 27. Qf2 Be4 28. Rf1 Rd7 29. Bxe4 Qxe4 30. Rxc4 Qg6 31. Qc2 Qxc2 32. Rxc2 Rd3 33. Ba3 Rxe3 34. Rxc5 Rd8 35. Rc3+ 1-0

[Event "EUR-chT Seniors 65"]
[Site "Prague"]
[Date "2021.09.02"]
[Round "4.3"]
[White "Kundt, Guenther"]
[Black "Pribylova, Ruzena"]
[Result "1/2-1/2"]
[WhiteElo "1751"]
[BlackElo "1810"]
[PlyCount "23"]
[EventDate "2021.08.30"]
[EventType "team-swiss"]
[EventRounds "9"]
[EventCountry "CZE"]
[SourceTitle "CBM 204 Extra"]
[Source "ChessBase"]
[SourceDate "2021.11.30"]
[SourceVersion "1"]
[SourceVersionDate "2021.11.30"]
[SourceQuality "1"]
[WhiteTeam "Germany North 65"]
[BlackTeam "Czech Republic (Women) 65"]
[WhiteTeamCountry "GER"]
[BlackTeamCountry "CZE"]

1. d4 Nf6 2. c4 e6 3. Nf3 c5 4. g3 cxd4 5. Nxd4 d5 6. Bg2 Bb4+ 7. Bd2 Bxd2+ 8. Nxd2 0-0 9. 0-0 e5 10. N4f3 Nc6 11. cxd5 Nxd5 12. Nc4 1/2-1/2

[Event "EUR-chT Seniors 65"]
[Site "Prague"]
[Date "2021.09.01"]
[Round "3.3"]
[White "Thjomoe, Hans Richard"]
[Black "Kundt, Guenther"]
[Result "1/2-1/2"]
[WhiteElo "1856"]
[BlackElo "1751"]
[PlyCount "30"]
[EventDate "2021.08.30"]
[EventType "team-swiss"]
[EventRounds "9"]
[EventCountry "CZE"]
[SourceTitle "CBM 204 Extra"]
[Source "ChessBase"]
[SourceDate "2021.11.30"]
[SourceVersion "1"]
[SourceVersionDate "2021.11.30"]
[SourceQuality "1"]
[WhiteTeam "Golden Oldies 65"]
[BlackTeam "Germany North 65"]
[WhiteTeamCountry "NOR"]
[BlackTeamCountry "GER"]

1. e4 d5 2. exd5 Nf6 3. d4 Nxd5 4. Nf3 g6 5. Bd3 Bg7 6. 0-0 0-0 7. Be3 c5 8. Nc3 cxd4 9. Bxd4 Nxc3 10. Bxc3 Bxc3 11. bxc3 Nc6 12. Qd2 Kg7 13. Rfe1 Bg4 14. Qf4 Bxf3 15. Qxf3 Qc7 1/2-1/2

[Event "WchT Seniors 50"]
[Site "Prague"]
[Date "2020.03.09"]
[Round "4.27"]
[White "Maly, Dusan"]
[Black "Kundt, Guenther"]
[Result "1-0"]
[WhiteElo "1742"]
[BlackElo "1747"]
[PlyCount "84"]
[EventDate "2020.03.06"]
[EventType "team-swiss"]
[EventRounds "7"]
[EventCountry "CZE"]
[SourceTitle "CBM 195 Extra"]
[Source "ChessBase"]
[SourceDate "2020.05.31"]
[SourceVersion "1"]
[SourceVersionDate "2020.05.31"]
[SourceQuality "1"]
[WhiteTeam "Czech Republic 50 XIV"]
[BlackTeam "Germany 50 XI"]
[WhiteTeamCountry "CZE"]
[BlackTeamCountry "GER"]

1. Nf3 d5 2. d4 Nf6 3. g3 e6 4. c4 Be7 5. cxd5 exd5 6. Bg2 c6 7. 0-0 0-0 8. b3 b6 9. Bb2 Bb7 10. Nbd2 Nbd7 11. Rc1 Rc8 12. Ne5 c5 13. Bh3 Rc7 14. Ndf3 Bc8 15. Bg2 Bb7 16. Nxd7 Nxd7 17. h4 Re8 18. Qd2 Bf6 19. Rfe1 Qa8 20. Nh2 Rec8 21. Bh3 h5 22. Nf3 Re8 23. Bxd7 Rxd7 24. dxc5 Bd8 25. cxb6 Bxb6 26. Qg5 f6 27. Bxf6 Rf7 28. Bd4 Ba5 29. Bc3 Bb6 30. Nd4 Ref8 31. Rf1 Qe8 32. Nf5 d4 33. Nh6+ Kh7 34. Nxf7 dxc3 35. Nd6 Qc6 36. Qxh5+ Kg8 37. Nxb7 Qxb7 38. Rxc3 Qb8 39. Rf3 Rxf3 40. Qxf3 Qd6 41. Rc1 Bc7 42. Qg4 Qd8 1-0

[Event "MVP-ch Seniors op 19th"]
[Site "Ostseebad Binz"]
[Date "2019.11.29"]
[Round "3"]
[White "Hondema, Evert C"]
[Black "Kundt, Guenther"]
[Result "1-0"]
[WhiteElo "1932"]
[BlackElo "1760"]
[PlyCount "69"]
[EventDate "2019.11.27"]
[EventType "swiss"]
[EventRounds "9"]
[EventCountry "GER"]
[SourceTitle "EXT 2021"]
[Source "ChessBase"]
[SourceDate "2020.10.23"]
[SourceVersion "1"]
[SourceVersionDate "2020.10.23"]
[SourceQuality "1"]

1. d4 Nf6 2. Bf4 e6 3. e3 c5 4. c3 b6 5. Nf3 Bb7 6. Nbd2 Be7 7. h3 d6 8. Bb5+ Nbd7 9. a4 a6 10. Be2 0-0 11. 0-0 Qc7 12. Bh2 Bc6 13. Qb1 b5 14. dxc5 Nxc5 15. axb5 axb5 16. Rxa8 Rxa8 17. Nd4 Nfe4 18. N2f3 Rb8 19. Nxc6 Qxc6 20. Rd1 Nf6 21. Nd4 Qa6 22. Qa1 Qxa1 23. Rxa1 Rb6 24. Ra8+ Bf8 25. Nxb5 e5 26. b4 Ncd7 27. c4 g6 28. f3 Kg7 29. Bg3 Rc6 30. Ra7 d5 31. c5 Rc8 32. Be1 Rc6 33. Nc7 Kg8 34. Bb5 Rxc7 35. Rxc7 1-0

[Event "GER-chB Seniors 29th"]
[Site "Berlin"]
[Date "2017.08.11"]
[Round "5"]
[White "Kundt, Guenther"]
[Black "Klein, Reinhard"]
[Result "0-1"]
[WhiteElo "1732"]
[BlackElo "1882"]
[PlyCount "98"]
[EventDate "2017.08.07"]
[EventType "swiss"]
[EventRounds "9"]
[EventCountry "GER"]
[SourceTitle "EXT 2019"]
[Source "ChessBase"]
[SourceDate "2018.10.10"]
[SourceVersion "1"]
[SourceVersionDate "2018.10.10"]
[SourceQuality "1"]

1. d4 Nf6 2. c4 e6 3. Nf3 Bb4+ 4. Bd2 Qe7 5. Nc3 0-0 6. e3 d6 7. Be2 Bxc3 8. Bxc3 Ne4 9. Qc2 f5 10. Bd3 Nxc3 11. bxc3 e5 12. dxe5 dxe5 13. e4 f4 14. 0-0-0 Bg4 15. Rd2 Na6 16. h3 Bxf3 17. gxf3 Nc5 18. Rhd1 b6 19. Bf1 Rad8 20. Rd5 c6 21. R5d2 Ne6 22. Qb3 Nc5 23. Qc2 Nb7 24. Qa4 Rxd2 25. Rxd2 Nc5 26. Qxc6 Rd8 27. Rxd8+ Qxd8 28. Qd5+ Qxd5 29. cxd5 Kf7 30. Kb2 g5 31. Kc2 Ke7 32. Bd3 Nd7 33. c4 h5 34. Kc3 Nc5 35. a3 Nb7 36. a4 Nd8 37. Be2 Kd6 38. Bd3 Nb7 39. Bc2 Ke7 40. Bd3 Nc5 41. Bc2 Nd7 42. Bd3 Nc5 43. Bc2 Kd6 44. Bd3 Nd7 45. Be2 Nf6 46. Bd1 Kc5 47. Bc2 g4 48. hxg4 hxg4 49. fxg4 Nxg4 0-1

[Event "GER-chB Seniors 29th"]
[Site "Berlin"]
[Date "2017.08.07"]
[Round "2"]
[White "Weiss, Hartwig"]
[Black "Kundt, Guenther"]
[Result "1/2-1/2"]
[WhiteElo "1935"]
[BlackElo "1732"]
[PlyCount "38"]
[EventDate "2017.08.07"]
[EventType "swiss"]
[EventRounds "9"]
[EventCountry "GER"]
[SourceTitle "EXT 2019"]
[Source "ChessBase"]
[SourceDate "2018.10.10"]
[SourceVersion "1"]
[SourceVersionDate "2018.10.10"]
[SourceQuality "1"]

1. e4 c5 2. Nf3 d6 3. d4 cxd4 4. Nxd4 Nf6 5. Nc3 g6 6. Be3 Bg7 7. f3 0-0 8. Bc4 Nc6 9. Qd2 Bd7 10. 0-0-0 Rc8 11. Bb3 Ne5 12. h4 Qa5 13. Kb1 Rfe8 14. Bh6 Bxh6 15. Qxh6 Rxc3 16. bxc3 Qxc3 17. Qd2 Qc7 18. h5 Nxh5 19. Rxh5 gxh5 1/2-1/2

[Event "Mecklenburg VP LL2 Ost 1617"]
[Site "Mecklenburg VP"]
[Date "2017.04.02"]
[Round "8.7"]
[White "Hantel, Thomas"]
[Black "Kundt, Guenther"]
[Result "1/2-1/2"]
[WhiteElo "1648"]
[BlackElo "1566"]
[PlyCount "32"]
[EventDate "2016.10.16"]
[EventType "team-tourn"]
[EventRounds "9"]
[EventCountry "GER"]
[SourceTitle "EXT 2022"]
[Source "ChessBase"]
[SourceDate "2021.10.06"]
[SourceVersion "1"]
[SourceVersionDate "2021.10.06"]
[SourceQuality "1"]
[WhiteTeam "Rostock HSG Uni"]
[BlackTeam "Graal Mueritz"]
[WhiteTeamCountry "GER"]
[BlackTeamCountry "GER"]

1. d4 d5 2. c4 e6 3. Nf3 Nf6 4. Bg5 Be7 5. Nc3 0-0 6. e3 h6 7. Bh4 b6 8. Bd3 dxc4 9. Bxc4 Bb7 10. 0-0 Ne4 11. Bxe7 Qxe7 12. Nxe4 Bxe4 13. Bd3 Bxd3 14. Qxd3 Nd7 15. Rac1 c5 16. dxc5 Nxc5 1/2-1/2

[Event "Rostock SSC op 14th"]
[Site "Rostock"]
[Date "2015.08.02"]
[Round "7.31"]
[White "Roehr, Susanne"]
[Black "Kundt, Guenther"]
[Result "0-1"]
[WhiteElo "1508"]
[BlackElo "1746"]
[PlyCount "76"]
[EventDate "2015.07.29"]
[EventType "swiss"]
[EventRounds "7"]
[EventCountry "GER"]
[SourceTitle "EXT 2019"]
[Source "ChessBase"]
[SourceDate "2018.10.10"]
[SourceVersion "1"]
[SourceVersionDate "2018.10.10"]
[SourceQuality "1"]

1. d4 d5 2. c4 e6 3. Nc3 Nf6 4. Nf3 Be7 5. e3 0-0 6. Bd3 Nbd7 7. 0-0 dxc4 8. Bxc4 Nb6 9. Bd3 c5 10. a3 c4 11. Bc2 Nbd5 12. Ne4 Nxe4 13. Bxe4 f5 14. Bc2 b5 15. Re1 Re8 16. e4 fxe4 17. Bxe4 Bf6 18. Ne5 Bxe5 19. dxe5 Rb8 20. Qh5 g6 21. Qg4 Qd7 22. Bh6 Qf7 23. Rad1 Bb7 24. Rd2 a5 25. f4 b4 26. Rf2 Ne7 27. Bb1 Rbc8 28. Ref1 Nf5 29. Bxf5 Qxf5 30. Qh4 c3 31. g4 Qe4 32. Rf3 c2 33. f5 c1Q 34. Qf2 Qxh6 35. f6 Qxf3 36. Qxf3 Bxf3 37. Rxf3 Rf8 38. Rf2 Kf7 0-1

[Event "Mecklenburg VP LL2 Ost 1314"]
[Site "Mecklenburg VP"]
[Date "2014.04.06"]
[Round "8.7"]
[White "Gorlt, Guenter"]
[Black "Kundt, Guenther"]
[Result "1/2-1/2"]
[WhiteElo "1409"]
[BlackElo "1528"]
[PlyCount "53"]
[EventDate "2013.10.27"]
[EventType "team-tourn"]
[EventRounds "9"]
[EventCountry "GER"]
[SourceTitle "EXT 2022"]
[Source "ChessBase"]
[SourceDate "2021.10.06"]
[SourceVersion "1"]
[SourceVersionDate "2021.10.06"]
[SourceQuality "1"]
[WhiteTeam "Binz Therme Ruegen"]
[BlackTeam "Graal Mueritz"]
[WhiteTeamCountry "GER"]
[BlackTeamCountry "GER"]

1. c4 Nf6 2. d4 e6 3. Nc3 d5 4. e3 Be7 5. Nf3 0-0 6. Bd3 Nbd7 7. 0-0 c6 8. a4 Re8 9. c5 b6 10. b4 bxc5 11. bxc5 a5 12. Qc2 g6 13. Ba3 Qc7 14. Ne2 e5 15. dxe5 Nxe5 16. Nxe5 Qxe5 17. Bb2 Qc7 18. Rab1 Nd7 19. Bd4 Qa7 20. Rfc1 Rb8 21. Qc3 Rxb1 22. Rxb1 Rf8 23. Rc1 Ba6 24. Qxa5 Ra8 25. Qxa6 Qxa6 26. Bxa6 Rxa6 27. Ra1 1/2-1/2

[Event "Mecklenburg VP LL2 Ost 1314"]
[Site "Mecklenburg VP"]
[Date "2014.01.19"]
[Round "5.7"]
[White "Kundt, Guenther"]
[Black "Meyer, Detlef"]
[Result "1/2-1/2"]
[WhiteElo "1528"]
[BlackElo "1827"]
[PlyCount "23"]
[EventDate "2013.10.27"]
[EventType "team-tourn"]
[EventRounds "9"]
[EventCountry "GER"]
[SourceTitle "EXT 2022"]
[Source "ChessBase"]
[SourceDate "2021.10.06"]
[SourceVersion "1"]
[SourceVersionDate "2021.10.06"]
[SourceQuality "1"]
[WhiteTeam "Graal Mueritz"]
[BlackTeam "Neubrandenburg SG Eintracht"]
[WhiteTeamCountry "GER"]
[BlackTeamCountry "GER"]

1. d4 e5 2. dxe5 Nc6 3. Nf3 Qe7 4. g3 Nxe5 5. Nxe5 Qxe5 6. Bg2 Nf6 7. 0-0 Bc5 8. Nc3 c6 9. Bf4 Qe7 10. e4 0-0 11. Na4 d5 12. Bg5 1/2-1/2

[Event "Mecklenburg VP LL2 Ost 1314"]
[Site "Mecklenburg VP"]
[Date "2013.10.27"]
[Round "1.6"]
[White "Lotz, Robert"]
[Black "Kundt, Guenther"]
[Result "1-0"]
[WhiteElo "1736"]
[BlackElo "1528"]
[PlyCount "87"]
[EventDate "2013.10.27"]
[EventType "team-tourn"]
[EventRounds "9"]
[EventCountry "GER"]
[SourceTitle "EXT 2022"]
[Source "ChessBase"]
[SourceDate "2021.10.06"]
[SourceVersion "1"]
[SourceVersionDate "2021.10.06"]
[SourceQuality "1"]
[WhiteTeam "Waren ESV"]
[BlackTeam "Graal Mueritz"]
[WhiteTeamCountry "GER"]
[BlackTeamCountry "GER"]

1. e4 c5 2. Nf3 Nc6 3. d4 cxd4 4. Nxd4 Nf6 5. Nxc6 bxc6 6. Bd3 d6 7. Nc3 g6 8. 0-0 Bg7 9. Be3 0-0 10. h3 Qc7 11. Qd2 Rb8 12. Rab1 d5 13. b3 Rd8 14. exd5 Nxd5 15. Nxd5 cxd5 16. f4 f5 17. Qf2 a5 18. a4 e5 19. fxe5 Bxe5 20. Bf4 Bxf4 21. Qxf4 Qxf4 22. Rxf4 Bb7 23. Bb5 Rbc8 24. Rf2 Bc6 25. Bd3 Re8 26. Rf4 Re5 27. Kf2 Rce8 28. g4 g5 29. Rxf5 Bd7 30. Rxe5 Rxe5 31. Re1 Rxe1 32. Kxe1 h5 33. Be2 h4 34. Kd2 Kf7 35. Kd3 Ke7 36. Kd4 Kd6 37. Bf3 Be6 38. c3 Bf7 39. b4 axb4 40. cxb4 Be8 41. b5 Bf7 42. a5 Be8 43. Be2 Bd7 44. a6 1-0